Learning from the rural poor: shared experiences of the mobile orientation and training team (Record no. 356094)

000 -LEADER
fixed length control field 00502cam a22001457a 4500
008 - FIXED-LENGTH DATA ELEMENTS--GENERAL INFORMATION
fixed length control field 180718b1982 xxu||||| |||| 00| 0 eng d
082 ## - DEWEY DECIMAL CLASSIFICATION NUMBER
Classification number B136x54 V883
100 ## - MAIN ENTRY--PERSONAL NAME
Personal name Volken, Henry
245 ## - TITLE STATEMENT
Title Learning from the rural poor: shared experiences of the mobile orientation and training team
Statement of responsibility, etc. by Henry Volken, Ajoy Kumar and Sara Kaithathara
260 ## - PUBLICATION, DISTRIBUTION, ETC.
Place of publication, distribution, etc. Delhi
Name of publisher, distributor, etc. Indian Social Inst.
Date of publication, distribution, etc. 1982
300 ## - PHYSICAL DESCRIPTION
Extent 114p.
650 ## - SUBJECT ADDED ENTRY--TOPICAL TERM
Topical term or geographic name entry element Rural development - India
700 ## - ADDED ENTRY--PERSONAL NAME
Personal name Kaithathara, Sara
700 ## - ADDED ENTRY--PERSONAL NAME
Personal name Kumar, Ajoy
Holdings
Withdrawn status Lost status Damaged status Not for loan Permanent Location Current Location Date acquired Full call number Barcode Date last seen Price effective from Koha item type
        Indian Institute of Public Administration Indian Institute of Public Administration 1993-12-31 B136x54 V883 58556 2018-07-21 2018-07-21 Book

Powered by Koha